000 00615nam a2200193 i 4500
001 83263
003 ES-MaACL
005 20230906174812.0
007 t|
008 041116s1967 sp ||||1| spa d
245 0 3 _aLa integración europea y el progreso social /
_cAndré Gozz... (et al.) ; [versión de Pilar Muñoz ; revisada por Ignacio Quintana].
250 _a[1ª ed.].
260 _aBarcelona :
_bNova Terra,
_c[1967]
300 _a248 p. ;
_c22 cm.
700 1 _aGozz, André.
_959433
700 1 _aMuñoz, Pilar.
_984335
700 1 _aQuintana, Ignacio.
_994660
852 _aES-MaACL
_jC-33600
_bR.64219
999 _c83263
_d83263